gminy powiatu wadowickiego z mapą - Statystyki

Ogólne statystyki
  • Ten quiz został rozwiązany 132 razy
  • Średni wynik to 6 z 10
Odpowiedzi na mapie
Odpowiedzi zakodowano w zielono-czerwonej skali na mapie do tego quizu, zgodnie z poniższymi procentami.
 
Statystyki odpowiedzi
Wskazówka Odpowiedź % Poprawnych
gmina miejsko-wiejska Wadowice
98%
gmina miejsko-wiejska Andrychów
86%
gmina miejsko-wiejska Kalwaria Zebrzydowska
75%
gmina wiejska Tomice
66%
gmina wiejska Wieprz
62%
gmina wiejska Mucharz
59%
gmina wiejska Lanckorona
56%
gmina wiejska Brzeźnica
48%
gmina wiejska Spytkowice
47%
gmina wiejska Stryszów
45%
Nie znaleziono quizów pasujących do podanych kryteriów
Rozkład punktacji
Procent ludzi z każdym wynikiem
Percentyl według liczby udzielonych odpowiedzi
Twoja historia wyników
Nie rozwiązałeś tego quizu